<?xml version="1.0" encoding="UTF-8"?><?xml-stylesheet type="text/xsl" href="static/style.xsl"?><OAI-PMH xmlns="http://www.openarchives.org/OAI/2.0/" xmlns:xsi="http://www.w3.org/2001/XMLSchema-instance" xsi:schemaLocation="http://www.openarchives.org/OAI/2.0/ http://www.openarchives.org/OAI/2.0/OAI-PMH.xsd"><responseDate>2026-05-14T11:55:47Z</responseDate><request verb="GetRecord" identifier="oai:riubu.ubu.es:10259/4973" metadataPrefix="marc">https://riubu.ubu.es/oai/request</request><GetRecord><record><header><identifier>oai:riubu.ubu.es:10259/4973</identifier><datestamp>2021-11-10T09:38:26Z</datestamp><setSpec>com_10259_4249</setSpec><setSpec>com_10259_5086</setSpec><setSpec>com_10259_2604</setSpec><setSpec>col_10259_4250</setSpec></header><metadata><record xmlns="http://www.loc.gov/MARC21/slim" xmlns:doc="http://www.lyncode.com/xoai" xmlns:xsi="http://www.w3.org/2001/XMLSchema-instance" xmlns:dcterms="http://purl.org/dc/terms/" xsi:schemaLocation="http://www.loc.gov/MARC21/slim http://www.loc.gov/standards/marcxml/schema/MARC21slim.xsd">
<leader>00925njm 22002777a 4500</leader>
<datafield tag="042" ind1=" " ind2=" ">
<subfield code="a">dc</subfield>
</datafield>
<datafield tag="720" ind1=" " ind2=" ">
<subfield code="a">Ruiz Miguel, Santiago</subfield>
<subfield code="e">author</subfield>
</datafield>
<datafield tag="720" ind1=" " ind2=" ">
<subfield code="a">Ortiz Fernández, Mª Cruz</subfield>
<subfield code="e">author</subfield>
</datafield>
<datafield tag="720" ind1=" " ind2=" ">
<subfield code="a">Sarabia Peinador, Luis Antonio</subfield>
<subfield code="e">author</subfield>
</datafield>
<datafield tag="720" ind1=" " ind2=" ">
<subfield code="a">Sánchez Pastor, Mª Sagrario</subfield>
<subfield code="e">author</subfield>
</datafield>
<datafield tag="260" ind1=" " ind2=" ">
<subfield code="c">2018-11</subfield>
</datafield>
<datafield tag="520" ind1=" " ind2=" ">
<subfield code="a">In the context of the paradigms founding the Quality by Design and Process Analytical Technology initiatives, the work herein presents a computational approach to support the decision-making process, in particular, about the feasibility of a product defined for some a priori given quality characteristics.&#xd;
&#xd;
The approach is based on the computation of the pareto-optimal front when simultaneously minimizing the expected differences between the predicted and the desired characteristics. Thus, the feasibility is tackled as an optimization problem with the novelty of doing so simultaneously for all the characteristics, preserving the correlation structure, but by separately handling each individual characteristic.&#xd;
&#xd;
With data from a low-density polyethylene production process, with fourteen process variables and five measured characteristics of the final polyethylene, solutions are found to define the Design Space for targeted quality characteristics on the product, and without the need of explicitly inverting the PLS (Partial Least Squares) prediction model fitted to the process.</subfield>
</datafield>
<datafield tag="024" ind2=" " ind1="8">
<subfield code="a">0169-7439</subfield>
</datafield>
<datafield tag="024" ind2=" " ind1="8">
<subfield code="a">http://hdl.handle.net/10259/4973</subfield>
</datafield>
<datafield tag="024" ind2=" " ind1="8">
<subfield code="a">10.1016/j.chemolab.2018.08.014</subfield>
</datafield>
<datafield ind1=" " ind2=" " tag="653">
<subfield code="a">Process analytical technology</subfield>
</datafield>
<datafield ind1=" " ind2=" " tag="653">
<subfield code="a">Quality by design</subfield>
</datafield>
<datafield ind1=" " ind2=" " tag="653">
<subfield code="a">Partial least squares</subfield>
</datafield>
<datafield ind1=" " ind2=" " tag="653">
<subfield code="a">Pareto optimality</subfield>
</datafield>
<datafield ind1=" " ind2=" " tag="653">
<subfield code="a">Process decision making</subfield>
</datafield>
<datafield ind1=" " ind2=" " tag="653">
<subfield code="a">Industrial processes</subfield>
</datafield>
<datafield tag="245" ind1="0" ind2="0">
<subfield code="a">A computational approach to partial least squares model inversion in the framework of the process analytical technology and quality by design initiatives</subfield>
</datafield>
</record></metadata></record></GetRecord></OAI-PMH>